1741 1529 1131 1577 1776 1909 1136 1488 1149 1069 1572 1536 1889 1926 1549 1852 1311 1340 1018 1255 1643 1417 1212 1894 1745 1264 1293 1375 1871 1064 1379 1709 1297 1132 1966 1110 1551 1387 1432 1124 1242 1494 1189 1717 1170 1480 1698 1240 1236 1311 1761 1810 1949 1074 1476 1558 1588 1254 1922 1838 1753 1642 1506 1446 1254 1944 1177 1326 1950 1507 1599 1144 1116 1965 1370 1129 1119 1574 1653 1367 1777 1922 1064 1080 1648 1440 1652 1434 1983 1807 1200 1476 1708 1946 1070 1268 1624 1802 1437 BCNSPRNW ULIB Ver.6.0+V

เปลี่ยนเป็นภาษาไทย

Change to English
 แสดงรายละเอียดบรรณานุกรม
  กลับหน้าหลัก

Brief Record : Get Marc (ISO 2709) : E-mail record : QR code < ปิดหน้าต่าง
LEADER : 00000nam 2200000uu 4500
001    13399121967
003     ULIB
008    121217s2551||||th 000 0 tha d
020    ^a9789740599807
099    ^aนว.ล125S
100    ^aลมหนาวเดือนธันวา
245    ^aปาฏิหาริย์หัวใจใต้ดวงดาว^cลมหนาวเดือนธันวา
260    ^aกรุงเทพฯ :^bสถาพรบุ๊คส์,^c2551
300    ^a382 หน้า
945    ^p240^l0^i023599
995    ^aวิภา
999    ^aใช้งานได้ทุกระบบ
รายการนี้ยังไม่มีแท็ก
คุณยังไม่ได้ล็อกอิน คุณสามารถมีกิจกรรมร่วมกับเว็บไซต์ได้ แต่ต้องล็อกอินก่อน ::
  ล็อกอิน

รายการสื่อสารสนเทศ

ลำดับที่ ประเภท เลขเรียก/บาร์โค้ด สถานที่ สถานะ
1. วิทยาศาสตร์การแพทย์ และสุขภาพ
วิทยาศาสตร์การแพทย์ และสุขภาพ
นว.ล125S  
  Barcode: 023599
ห้องสมุดวิทยาเขตสวรรค์ประชารักษ์
►นวนิยาย
บนชั้น
  ขอยืม

BibComment


ยังไม่เคยถูกคอมเมนท์

คอมเมนท์ทรัพยากรรายการนี้
  คอมเมนท์: ปาฏิหาริย์หัวใจใ..


 Copyright 2026. Bcnsprnw @Library